| 000 | 00575nam a2200205Ii 4500 | ||
|---|---|---|---|
| 003 | JO-AjNU | ||
| 008 | 230606s9999||||xx |||||||||||||| ||und|| | ||
| 020 | _a0-08-024548-x | ||
| 040 |
_aJO-AjNU _beng _erda _cJO-AjNU |
||
| 041 | _aeng | ||
| 050 | 1 | 4 | _aPG3476. A633.A25 1982 |
| 100 | 3 |
_a Nicolaeff , Ariadne , _eauthor _95427 |
|
| 245 | 0 | 0 | _aSelected Plays of Aleksei Arbuzov |
| 250 | _a1 ed | ||
| 264 | 3 | 1 | _aOxford : Pergamon press, 1982 |
| 300 | _a324p | ||
| 336 |
_atext _btxt _2rdacontent |
||
| 337 |
_aunmediated _bn _2rdamedia |
||
| 338 |
_avolume _bnc _2rdacarrier |
||
| 999 |
_aE2802 _c2800 _d2800 |
||